[Event "11th World Teams Women"]
[Site "Khanty-Mansiysk RUS"]
[Date "2017.06.19"]
[Round "3.2"]
[White "Kulon,K"]
[Black "Yu,Jennifer R"]
[Result "1-0"]
[WhiteElo "2381"]
[BlackElo "2319"]

1.e4 c5 2.Nf3 d6 3.d4 cxd4 4.Nxd4 Nf6 5.Nc3 a6 6.Be3 e5 7.Nb3 Be6 8.f3 Nbd7
9.g4 b5 10.g5 b4 11.Ne2 Nh5 12.Qd2 a5 13.Ng3 Nxg3 14.hxg3 Qc7 15.Bb5 a4 16.Nc1
a3 17.b3 Qa5 18.Ba4 d5 19.Nd3 dxe4 20.fxe4 O-O-O 21.c3 Nc5 22.Bxc5 bxc3 23.Qe3
Rxd3 24.Qxd3 Bxc5 25.O-O-O Bd4 26.Kc2 Qa8 27.Bb5 Kb8 28.Rh4 f5 29.gxf6 gxf6
30.Bc4 Bxc4 31.Qxc4 f5 32.Re1 fxe4 33.Rxh7 Rxh7 34.Qg8+ Kb7 35.Qxh7+ Kb6
36.Rh1 Be3 37.Qf7 Qc6 38.Rh7 Ka6 39.Rg7 Bb6 40.Rg6 Qb5 41.Qc4 Qxc4 42.bxc4 Ka5
43.Rxb6 Kxb6 44.Kxc3 Kc5 45.g4 e3 46.g5 e2 47.Kd2 {#r} 1-0

[Event "11th World Teams Women"]
[Site "Khanty-Mansiysk RUS"]
[Date "2017.06.19"]
[Round "3.3"]
[White "Wafa,Shrook"]
[Black "Javakhishvili,L"]
[Result "0-1"]
[WhiteElo "2141"]
[BlackElo "2447"]

1.e4 c5 2.Nf3 e6 3.d4 cxd4 4.Nxd4 Nc6 5.Nxc6 bxc6 6.Bd3 Nf6 7.O-O d5 8.Nd2 Qc7
9.Qe2 Bd6 10.h3 O-O 11.c4 d4 12.Nb3 e5 13.f4 exf4 14.Qf3 g5 15.h4 h6 16.hxg5
hxg5 17.g3 Bg4 18.Qf2 f3 19.Qxd4 Bc5 {#R} 0-1

[Event "11th World Teams Women"]
[Site "Khanty-Mansiysk RUS"]
[Date "2017.06.19"]
[Round "3.5"]
[White "Ju Wenjun"]
[Black "Pham Le Thao Nguyen"]
[Result "1-0"]
[WhiteElo "2583"]
[BlackElo "2344"]

1.d4 d5 2.c4 e6 3.Nc3 Bb4 4.cxd5 exd5 5.Bf4 c6 6.e3 Ne7 7.h4 Bd6 8.Qf3 h5
9.Bd3 Bg4 10.Qg3 Bxf4 11.Qxf4 Qb6 12.Rb1 Na6 13.a3 Nc7 14.f3 Bd7 15.Nge2 Ne6
16.Qd6 Qc7 17.Qxc7 Nxc7 18.Ng3 O-O-O 19.Kf2 Rdg8 20.b4 f6 21.a4 g5 22.b5 cxb5
23.axb5 b6 24.e4 gxh4 25.Rxh4 Ng6 26.Rxh5 Nf4 27.Rxh8 Nxd3+ 28.Ke3 Rxh8
29.Kxd3 Rg8 30.Nh5 dxe4+ 31.fxe4 f5 32.e5 Rxg2 33.Nf6 f4 34.Ke4 Rc2 35.Ncd5
Ne6 36.Nxf4 Ng5+ 37.Kd5 Rf2 38.Nxd7 Rxf4 39.Nf6 Nf3 40.Rd1 Kd8 41.Ne4 Nh2
42.Rh1 Ng4 43.Rh8+ Ke7 44.Rh7+ Kf8 45.e6 Ne3+ 46.Ke5 Rf5+ 47.Kd6 Nc4+ 48.Kd7
{#r} 1-0

[Event "11th World Teams Women"]
[Site "Khanty-Mansiysk RUS"]
[Date "2017.06.19"]
[Round "3.5"]
[White "Lei Tingjie"]
[Black "Vo Thi Kim Phung"]
[Result "1-0"]
[WhiteElo "2488"]
[BlackElo "2378"]

1.d4 d5 2.c4 c6 3.Nf3 Nf6 4.e3 Bf5 5.Nc3 e6 6.Nh4 Bg4 7.Qb3 Qb6 8.h3 Bh5 9.g4
Bg6 10.Nxg6 hxg6 11.g5 Ng8 12.c5 Qc7 13.e4 Nd7 14.exd5 exd5 15.Qc2 Ne7 16.Bd3
b6 17.cxb6 Nxb6 18.Ne2 Qd7 19.Bf4 Rxh3 20.O-O-O Rxh1 21.Rxh1 Nc4 22.Rh8 Nf5
23.b3 Ncd6 24.Qc5 Ke7 25.Be5 Rd8 26.Nf4 Re8 27.Kd1 Kd8 28.Rxf8 Rxf8 29.Bxf5
gxf5 30.Bxd6 Rh8 31.Be5 Rh1+ 32.Kc2 Rf1 33.Nd3 Ke8 34.Bxg7 Kd8 35.Qf8+ Kc7
36.Be5+ {#r} 1-0

[Event "Cez Trophy 2017"]
[Site "Prague CZE"]
[Date "2017.06.16"]
[Round "6"]
[White "Ivanchuk,V"]
[Black "Navara,D"]
[Result "1-0"]
[WhiteElo "2738"]
[BlackElo "2737"]

1.e4 e6 2.d4 d5 3.Nc3 Nf6 4.Bg5 dxe4 5.Nxe4 Be7 6.Bxf6 gxf6 7.Nf3 f5 8.Nc3 a6
9.a4 b6 10.Bc4 c6 11.Qe2 Nd7 12.O-O Nf6 13.Rad1 b5 14.Bb3 b4 15.Na2 Qc7
16.Rfe1 Rg8 17.Nc1 Bb7 18.Nd3 c5 19.Nde5 Nd5 20.g3 Rd8 21.Nxf7 Kxf7 22.Qxe6+
Kg7 23.dxc5 Bxc5 24.Bxd5 Rge8 25.Qxe8 Bxf2+ 26.Kxf2 Rxe8 27.Rxe8 Qxc2+ 28.Ke1
Bxd5 29.Rxd5 Qxb2 30.Rd7+ Kf6 31.Rd6+ Kf7 32.Re3 b3 33.Nd2 Qa1+ 34.Ke2 f4
35.gxf4 b2 36.Rb6 a5 37.f5 Qxa4 38.Rxb2 Qg4+ 39.Rf3 {#r} 1-0

[Event "Cez Trophy 2017"]
[Site "Prague CZE"]
[Date "2017.06.16"]
[Round "7"]
[White "Navara,D"]
[Black "Ivanchuk,V"]
[Result "1-0"]
[WhiteElo "2737"]
[BlackElo "2738"]

1.c4 c6 2.d4 d5 3.Nf3 Nf6 4.Nc3 dxc4 5.a4 Bf5 6.Ne5 Nbd7 7.Nxc4 Nb6 8.Ne5 a5
9.f3 Nfd7 10.Nxd7 Nxd7 11.e4 Bg6 12.h4 h6 13.Qb3 Qc7 14.h5 Bh7 15.d5 Nc5
16.Qc4 e6 17.Be3 exd5 18.exd5 Qg3+ 19.Kd2 Qd6 20.Bxc5 Qxc5 21.Re1+ Kd7 22.Qf4
Rd8 23.Bd3 Bxd3 24.Qxf7+ Kc8 25.Kxd3 cxd5 26.Rc1 Qc4+ 27.Kc2 Qc7 28.Qg6 Qc6
29.Qf7 Qf6 30.Qxf6 gxf6 31.Rhd1 Rg8 32.g4 f5 33.Nxd5 fxg4 34.Nf6 Rg7 35.Kb3+
Rc7 36.Rxc7+ Kxc7 37.Rxd8 Kxd8 38.Nxg4 Ke7 39.Kc4 Ke6 40.Kb5 Kf5 41.Kxa5 Kf4
42.Kb6 Kxf3 43.Nxh6 Bxh6 44.Kxb7 Kg4 45.a5 Kxh5 46.a6 Be3 47.b4 {#r} 1-0

[Event "12th American Continental"]
[Site "Medellin COL"]
[Date "2017.06.11"]
[Round "3.21"]
[White "Morovic Fernandez,I"]
[Black "Zavarce,Oscar Enrique"]
[Result "0-1"]
[WhiteElo "2537"]
[BlackElo "2364"]

1.d4 Nf6 2.Nf3 e6 3.e3 b6 4.Bd3 Bb7 5.O-O c5 6.Nbd2 cxd4 7.exd4 Be7 8.c3 d6
9.a4 a6 10.Qe2 O-O 11.Ng5 h6 12.f4 Re8 13.g4 e5 14.Nxf7 Kxf7 15.fxe5 dxe5
16.g5 hxg5 17.Ne4 Kg8 18.Nxf6+ Bxf6 19.Qh5 Re6 20.Bh7+ Kf8 21.Bf5 Qd5 22.Qh3
Ke7 23.b3 Nd7 24.Ba3+ Rd6 25.Bxd7 Rh8 26.Bxd6+ {#R} 0-1

[Event "12th American Continental"]
[Site "Medellin COL"]
[Date "2017.06.11"]
[Round "3.24"]
[White "Lopez Gonzalez,A"]
[Black "Hungaski,R"]
[Result "0-1"]
[WhiteElo "2351"]
[BlackElo "2492"]

1.e4 d6 2.d4 Nf6 3.Nc3 e5 4.Nf3 Nbd7 5.Bc4 Be7 6.a4 a5 7.O-O O-O 8.h3 c6 9.Re1
exd4 10.Qxd4 Ne8 11.Bf4 Nc5 12.Bg3 Be6 13.Nd2 Nd7 14.Bxe6 fxe6 15.Nc4 e5
16.Qd2 Nb6 17.Qd3 Nxc4 18.Qxc4+ Kh8 19.Nd1 Bh4 20.Ra3 Bxg3 21.Rxg3 Nf6 22.Qe2
g6 23.Rb3 Qc7 24.g3 Nd7 25.Qe3 Nc5 26.Ra3 Rf6 27.f4 Re8 28.Nf2 exf4 29.gxf4
Ref8 30.Nd3 Nxd3 31.Rxd3 Rxf4 32.Qd4+ R8f6 33.Rdd1 d5 34.Rd3 Kg8 35.Qe3 dxe4
{#R} 0-1

[Event "12th American Continental"]
[Site "Medellin COL"]
[Date "2017.06.11"]
[Round "3.26"]
[White "Quintiliano Pinto,R"]
[Black "Silva,En"]
[Result "1-0"]
[WhiteElo "2483"]
[BlackElo "2119"]

1.d4 Nf6 2.Nf3 e6 3.c4 b6 4.g3 Bb7 5.Bg2 h6 6.O-O Be7 7.d5 O-O 8.Nc3 Bb4 9.Bd2
c6 10.Nd4 exd5 11.cxd5 Bxc3 12.Bxc3 Nxd5 13.Bxd5 cxd5 14.Nf5 Qg5 15.Qd3 f6
16.Bd2 Qh5 17.Rac1 Re8 18.f3 Re5 19.g4 Qh3 20.Nxh6+ {#r} 1-0

[Event "12th American Continental"]
[Site "Medellin COL"]
[Date "2017.06.11"]
[Round "3.27"]
[White "Rios,Cr"]
[Black "Chumpitaz,A"]
[Result "1-0"]
[WhiteElo "2499"]
[BlackElo "2163"]

1.d4 Nf6 2.c4 e6 3.Nc3 Bb4 4.Qc2 O-O 5.e4 c5 6.a3 cxd4 7.axb4 dxc3 8.e5 Ng4
9.Qxc3 Qc7 10.f4 f6 11.exf6 Nxf6 12.Nf3 a5 13.bxa5 Nc6 14.Bd3 Nh5 15.O-O Nxf4
16.Bxf4 Rxf4 17.g3 Rg4 18.b4 Qd6 19.c5 Qd5 20.Rad1 Qh5 21.b5 Ne7 22.Rde1 Nd5
23.Qd2 Ra4 24.Ng5 Nf6 25.Rxe6 dxe6 26.Bxh7+ Kh8 27.Qd8+ Qe8 28.Qxe8+ {#r} 1-0

[Event "12th American Continental"]
[Site "Medellin COL"]
[Date "2017.06.11"]
[Round "3.28"]
[White "Brito,L"]
[Black "Ortiz Suarez,I"]
[Result "0-1"]
[WhiteElo "2250"]
[BlackElo "2570"]

1.Nc3 c5 2.Nf3 a6 3.a4 Nc6 4.e4 g6 5.d4 cxd4 6.Nxd4 Bg7 7.Be3 Nf6 8.Nb3 O-O
9.Be2 d6 10.O-O Be6 11.f4 Na5 12.Nd2 Rc8 13.Rf2 d5 14.exd5 Rxc3 15.bxc3 Nxd5
16.Nf1 Qc7 17.Bd3 Qxc3 18.Rb1 Nxe3 19.Nxe3 Bd4 20.Qe1 Qc5 21.Rf3 Ba2 22.Rd1 e5
23.fxe5 Re8 24.Qd2 Rxe5 25.Kf2 Bd5 26.Rh3 Be6 27.Be2 Nc6 28.g4 h6 29.Rg3 Nb4
30.c4 Nc2 {#R} 0-1

[Event "12th American Continental"]
[Site "Medellin COL"]
[Date "2017.06.11"]
[Round "3.29"]
[White "Markzon,G"]
[Black "Garcia Pantoja,R"]
[Result "0-1"]
[WhiteElo "2222"]
[BlackElo "2500"]

1.d4 Nf6 2.c4 e6 3.Nc3 Bb4 4.e3 O-O 5.Bd3 d5 6.a3 Bxc3+ 7.bxc3 c5 8.cxd5 exd5
9.Ne2 b6 10.O-O Ba6 11.Bxa6 Nxa6 12.Qd3 c4 13.Qb1 Nh5 14.a4 Qd7 15.e4 dxe4
16.Qxe4 Nc7 17.Qf3 Nf6 18.Bg5 Nfd5 19.Ng3 f5 20.Bf4 Nxf4 21.Qxf4 Nd5 22.Qf3
Rae8 23.a5 b5 24.a6 g5 25.Rfc1 g4 26.Qd1 f4 27.Nf1 f3 28.Qd2 Nf4 29.g3 Nh3+
30.Kh1 Re2 31.Qh6 Nxf2+ 32.Kg1 Nh3+ 33.Kh1 Qd5 {#R} 0-1

[Event "12th American Continental"]
[Site "Medellin COL"]
[Date "2017.06.11"]
[Round "3.30"]
[White "Blandon Villa,D"]
[Black "Gonzalez,Be CRC"]
[Result "0-1"]
[WhiteElo "2220"]
[BlackElo "2494"]

1.e4 c5 2.Nf3 Nc6 3.d4 cxd4 4.Nxd4 g6 5.Nc3 Bg7 6.Be3 Nf6 7.Bc4 O-O 8.Bb3 d6
9.f3 Bd7 10.Qd2 Nxd4 11.Bxd4 b5 12.O-O a5 13.a3 Bc6 14.Rfd1 Qc7 15.Kh1 Qb7
16.a4 b4 17.Nd5 Bxd5 18.Bxd5 Nxd5 19.Bxg7 Kxg7 20.Qxd5 Qxd5 21.Rxd5 Rfc8
22.Rc1 Rc4 23.b3 Rc3 24.Rd3 Rac8 25.Rxc3 Rxc3 26.Kg1 h5 27.h4 Kf6 28.Kf2 Ke5
29.Kg3 e6 30.Kf2 f6 31.Ke2 Kf4 32.Kf2 g5 33.g3+ Ke5 34.hxg5 fxg5 35.Ke2 g4
{#R} 0-1

[Event "12th American Continental"]
[Site "Medellin COL"]
[Date "2017.06.11"]
[Round "3.31"]
[White "Chinchilla,E"]
[Black "Leiva,G"]
[Result "0-1"]
[WhiteElo "2213"]
[BlackElo "2449"]

1.d4 Nf6 2.c4 e6 3.Nc3 Bb4 4.Qc2 d5 5.cxd5 exd5 6.Bg5 c5 7.dxc5 h6 8.Bh4 Be6
9.e3 O-O 10.a3 Bxc3+ 11.Qxc3 g5 12.Bg3 Ne4 13.Qc2 Nc6 14.Bd3 Qa5+ 15.Ke2 Nb4
16.axb4 Nxg3+ 17.hxg3 Qxa1 18.Bf5 Bxf5 19.Qxf5 Qxb2+ 20.Kf3 Qxb4 21.Ne2 Qe4+
22.Qxe4 dxe4+ 23.Kxe4 Rac8 24.Nd4 Rxc5 25.g4 Re8+ 26.Kf3 Kh7 27.Nf5 Re6 28.Kg3
a5 29.f4 Rxf5 30.gxf5 Rxe3+ 31.Kf2 gxf4 {#R} 0-1

[Event "12th American Continental"]
[Site "Medellin COL"]
[Date "2017.06.11"]
[Round "3.32"]
[White "Zapata,Alo"]
[Black "Cifuentes,J"]
[Result "1-0"]
[WhiteElo "2420"]
[BlackElo "2266"]

1.e4 c5 2.Nf3 d6 3.d4 cxd4 4.Nxd4 Nf6 5.Nc3 a6 6.Bc4 e6 7.O-O Be7 8.Bb3 O-O
9.f4 b5 10.f5 b4 11.Na4 e5 12.Ne2 Bb7 13.Ng3 Nxe4 14.Nxe4 Bxe4 15.Qg4 d5
16.Bh6 Bf6 17.Bxg7 Bxg7 18.f6 Bg6 19.fxg7 Kxg7 20.Qxb4 Nc6 21.Qc5 Nd4 22.Nc3
Nxb3 23.axb3 Rb8 24.Qe3 Re8 25.b4 d4 26.Qg3 e4 27.Nxe4 a5 28.Rxa5 d3 29.Ra7
dxc2 30.Rfxf7+ {#r} 1-0

[Event "12th American Continental"]
[Site "Medellin COL"]
[Date "2017.06.11"]
[Round "3.33"]
[White "Quinonez Garcia,S"]
[Black "Cano,L"]
[Result "1-0"]
[WhiteElo "2379"]
[BlackElo "2264"]

1.e4 c5 2.Nf3 d6 3.d4 cxd4 4.Qxd4 e5 5.Bb5+ Nc6 6.Qd3 h6 7.Nc3 a6 8.Bc4 Nf6
9.Be3 Be7 10.O-O O-O 11.Rfd1 Qc7 12.a4 Nb4 13.Qe2 Be6 14.Bxe6 fxe6 15.Bc1 Rfc8
16.Nh4 Kh7 17.f4 d5 18.exd5 Nbxd5 19.Nxd5 exd5 20.fxe5 Ne4 21.Nf5 Bc5+ 22.Be3
Qxe5 23.Bxc5 Nxc5 24.Qg4 g6 25.Ng3 Rc7 26.Rf1 Rac8 27.Qf4 {#r} 1-0

[Event "12th American Continental"]
[Site "Medellin COL"]
[Date "2017.06.11"]
[Round "3.35"]
[White "Franco Valencia,B"]
[Black "Alzate,D"]
[Result "1-0"]
[WhiteElo "2173"]
[BlackElo "2362"]

1.d4 Nf6 2.c4 e6 3.Nf3 b6 4.a3 Bb7 5.e3 Be7 6.Bd3 O-O 7.Nbd2 c5 8.O-O cxd4
9.exd4 d5 10.b3 Nbd7 11.Qe2 Rc8 12.Bb2 Rc7 13.Ne5 Nxe5 14.dxe5 Nd7 15.f4 dxc4
16.Nxc4 Nc5 17.Bc2 g6 18.Rfd1 Qa8 19.Nd6 Bd5 20.b4 Nd7 21.Rac1 Bxd6 22.exd6
Rc4 23.Ba4 Nc5 24.Rxc4 Nxa4 25.Ba1 Qd8 26.Rxd5 exd5 27.Qe5 f6 28.Qxd5+ Kh8
29.d7 Qe7 30.Re4 Qd8 31.Qc6 {#r} 1-0

[Event "12th American Continental"]
[Site "Medellin COL"]
[Date "2017.06.11"]
[Round "3.40"]
[White "Arango,A"]
[Black "Panjwani,R"]
[Result "0-1"]
[WhiteElo "2103"]
[BlackElo "2404"]

1.e4 c5 2.Nf3 g6 3.d4 cxd4 4.Nxd4 Bg7 5.Nc3 Nc6 6.Be3 Nf6 7.Bc4 Qa5 8.O-O O-O
9.Nb3 Qd8 10.h3 d6 11.Qd2 a6 12.a4 Ne5 13.Be2 Be6 14.Nd4 Nc4 15.Bxc4 Bxc4
16.Rfd1 Qa5 17.Bh6 Rfc8 18.Bxg7 Kxg7 19.f4 Qc5 20.Kh2 b5 21.axb5 Bxb5 22.Nf3
Qb4 23.e5 dxe5 24.fxe5 Ne4 25.Qf4 Rc4 26.Nxb5 Qxb5 27.b3 Rb4 28.c4 Qb7 29.Rd5
Nc3 30.Ng5 Qxd5 31.Rf1 Rf8 32.cxd5 Rxf4 33.Rxf4 h6 34.Rc4 Nxd5 35.Ne4 Rb8
36.Nc5 e6 37.Ra4 Rb5 38.Nxa6 Rxb3 39.Nc5 Rc3 40.Ne4 Re3 41.Kg1 g5 42.Kf2 Kg6
43.g3 h5 44.Nd6 Rxe5 45.Ra7 Nc3 46.Kf3 Rd5 47.Nc8 Rd3+ 48.Kg2 Ne4 49.g4 Rg3+
50.Kh2 hxg4 {#R} 0-1

[Event "12th American Continental"]
[Site "Medellin COL"]
[Date "2017.06.11"]
[Round "3.42"]
[White "Ruiz C,J"]
[Black "Saltos Velez,A"]
[Result "0-1"]
[WhiteElo "2367"]
[BlackElo "2099"]

1.e4 e5 2.Nf3 Nf6 3.Nxe5 d6 4.Nf3 Nxe4 5.Nc3 Nxc3 6.dxc3 Be7 7.Be3 Nd7 8.Qd2
Nc5 9.O-O-O O-O 10.h4 c6 11.Kb1 d5 12.h5 Ne4 13.Qc1 Bg4 14.h6 g6 15.Bd3 Bxf3
16.gxf3 Nc5 17.Bf1 b5 18.f4 f5 19.Qd2 Ne4 20.Qe1 Re8 21.f3 Nd6 22.Qf2 Bf6
23.Bc5 Re6 24.a3 Qc7 25.Bd3 Nb7 26.Bxa7 c5 27.Rhe1 Rxe1 28.Qxe1 Kf7 29.Bxb5
Nd6 30.Bxc5 Nxb5 31.Rxd5 Nxc3+ {#R} 0-1

[Event "12th American Continental"]
[Site "Medellin COL"]
[Date "2017.06.11"]
[Round "3.44"]
[White "Soto,Christian Camilo"]
[Black "Escobar Medina,A"]
[Result "1-0"]
[WhiteElo "2102"]
[BlackElo "2343"]

1.c4 e5 2.Nc3 Nf6 3.Nf3 Nc6 4.d4 exd4 5.Nxd4 Bb4 6.e3 O-O 7.Be2 Ne4 8.Qc2 Qe7
9.Nb5 Nxc3 10.Nxc3 Qe5 11.Bd2 d6 12.Bd3 h6 13.O-O-O Be6 14.a3 Ba5 15.f4 Qc5
16.b4 Bxb4 17.axb4 Nxb4 18.Ne4 Nxd3+ 19.Qxd3 Qc6 20.Bc3 Bxc4 21.Qd4 f6 22.g4
Be2 23.g5 Rae8 24.Nxf6+ gxf6 25.gxf6 Rf7 26.Rhg1+ Kh7 27.Rde1 Re4 28.Qd2 Bf3
29.Qc2 h5 30.Rg5 Bg4 31.Rg1 Kh8 32.Bd4 Qxc2+ 33.Kxc2 Rxd4 34.exd4 Rxf6 35.h3
Bf3 36.Kd2 d5 37.Ke3 Be4 38.Rxh5+ Bh7 39.Rxd5 Re6+ 40.Re5 Bf5 41.Rg5 Rxe5+
42.dxe5 Be6 43.f5 {#r} 1-0

[Event "12th American Continental"]
[Site "Medellin COL"]
[Date "2017.06.11"]
[Round "3.45"]
[White "Escalante Ramirez,Brian Sebasti"]
[Black "Benavides Montenegro,Maicol"]
[Result "1-0"]
[WhiteElo "2338"]
[BlackElo "2090"]

1.e4 c5 2.Nf3 d6 3.d4 cxd4 4.Nxd4 Nf6 5.Nc3 a6 6.Be3 e5 7.Nf3 Be6 8.Ng5 Be7
9.Nxe6 fxe6 10.Bc4 Qd7 11.Qf3 b5 12.Bb3 Nc6 13.Qh3 Kf7 14.O-O Na5 15.f4 Nxb3
16.axb3 Rhf8 17.fxe5 dxe5 18.Nd5 Qc6 19.Qh5+ {#r} 1-0

[Event "12th American Continental"]
[Site "Medellin COL"]
[Date "2017.06.11"]
[Round "3.46"]
[White "Caceres Vasquez,S"]
[Black "Echavarria,J"]
[Result "0-1"]
[WhiteElo "2094"]
[BlackElo "2309"]

1.d4 d5 2.c4 c6 3.Nf3 Nf6 4.Qc2 dxc4 5.Qxc4 Bf5 6.g3 e6 7.Bg2 Nbd7 8.O-O Be7
9.Nc3 O-O 10.e3 Ne4 11.Qe2 Nxc3 12.bxc3 Be4 13.Ne1 Bxg2 14.Nxg2 c5 15.e4 Nf6
16.Rd1 Qa5 17.Bd2 Qa4 18.Bg5 Rfe8 19.Bxf6 Bxf6 20.e5 Bd8 21.d5 Ba5 22.c4 exd5
23.Rxd5 Bc3 24.Rb1 b6 25.Nh4 f6 26.f4 fxe5 27.fxe5 Re6 28.Qg4 Qe8 29.Nf5 Qg6
30.Qxg6 hxg6 31.Nh4 Bxe5 32.Nf3 Rae8 33.Rbd1 Bf6 34.Rd7 Re3 35.R1d3 Rxd3
36.Rxd3 Re2 37.Rd2 Re3 38.Kf2 Rc3 39.g4 Rxc4 40.g5 Bd4+ 41.Ke2 Kf7 42.Kd3 Ra4
43.Rc2 Ke6 44.Nh4 Ke5 45.Nxg6+ Kf5 46.Nh4+ Kxg5 47.Nf3+ Kf4 48.Nd2 Ke5 {#R}
0-1

[Event "12th American Continental"]
[Site "Medellin COL"]
[Date "2017.06.11"]
[Round "3.47"]
[White "Guerrero,JuC"]
[Black "Castano,Jo"]
[Result "1-0"]
[WhiteElo "2303"]
[BlackElo "2088"]

1.e4 c5 2.Nf3 d6 3.d4 cxd4 4.Nxd4 Nf6 5.Nc3 a6 6.h3 e6 7.g4 Be7 8.Bg2 O-O 9.g5
Nfd7 10.h4 Re8 11.Qe2 Nc6 12.Be3 Qc7 13.O-O-O Na5 14.h5 Nf8 15.g6 Bf6 16.gxf7+
Qxf7 17.f4 e5 18.Nb3 Nxb3+ 19.axb3 exf4 20.Bd4 Be5 21.Kb1 Ne6 22.Bb6 Ng5
23.Bf3 Be6 24.Nd5 Rac8 25.c3 Qd7 26.Rhg1 h6 27.Rd3 Qb5 28.c4 Qc6 29.Bd4 b5
30.Rc1 Qb7 31.Bxe5 dxe5 32.c5 a5 33.Bg4 b4 34.Bxe6+ Rxe6 35.Qg4 Kh8 36.Qf5 Qf7
37.Nb6 Rb8 38.Qxf7 Nxf7 39.c6 Rxb6 40.c7 {#r} 1-0

[Event "12th American Continental"]
[Site "Medellin COL"]
[Date "2017.06.11"]
[Round "3.48"]
[White "Arias Santana,M"]
[Black "Gonzalez,Eleicer"]
[Result "1-0"]
[WhiteElo "2292"]
[BlackElo "2078"]

1.d4 Nf6 2.Nf3 d5 3.Bf4 e6 4.e3 Bd6 5.Bg3 O-O 6.Nbd2 c5 7.c3 Nc6 8.Bd3 b6
9.Ne5 Bb7 10.f4 g6 11.Bh4 Be7 12.Qf3 Ne4 13.Bxe7 Nxd2 14.Bxd8 Nxf3+ 15.Nxf3
Raxd8 16.g4 f6 17.Bb5 Kg7 18.Bxc6 Bxc6 19.g5 Bb5 20.gxf6+ Kxf6 21.Kd2 cxd4
22.cxd4 Rc8 23.a4 Bd7 24.Ne5 Ke7 25.a5 b5 26.Rhc1 Kd6 27.Rc5 Rc7 28.b4 a6
29.Rg1 {#r} 1-0

[Event "12th American Continental"]
[Site "Medellin COL"]
[Date "2017.06.11"]
[Round "3.51"]
[White "Fuentes Godoy,Lilia Ivonne"]
[Black "Torres,Ju2"]
[Result "0-1"]
[WhiteElo "2088"]
[BlackElo "2275"]

1.d4 d5 2.c4 c6 3.Nd2 Nf6 4.Ngf3 g6 5.e3 Bg7 6.Bd3 O-O 7.O-O Na6 8.a3 c5 9.Nb3
cxd4 10.exd4 dxc4 11.Bxc4 Nc7 12.Bd2 b6 13.Qe2 Bb7 14.Bc3 Nfd5 15.Rfe1 Ne6
16.g3 Rc8 17.Nbd2 b5 18.Bxd5 Qxd5 19.Rad1 Ng5 {#R} 0-1

[Event "12th American Continental"]
[Site "Medellin COL"]
[Date "2017.06.11"]
[Round "3.52"]
[White "Romero Barreto,Jaime Jose"]
[Black "Avila Pavas,Santiago"]
[Result "0-1"]
[WhiteElo "2266"]
[BlackElo "2056"]

1.e4 g6 2.d4 Bg7 3.Nf3 c5 4.c3 cxd4 5.cxd4 d6 6.Nc3 Nf6 7.Bb5+ Nfd7 8.O-O O-O
9.Bg5 Nb6 10.h3 a6 11.Be2 Nc6 12.Qd2 d5 13.exd5 Nxd5 14.Rfe1 Be6 15.Bh6 Qb6
16.Rad1 Rad8 17.Bxg7 Kxg7 18.Ng5 Nc7 19.Nxe6+ fxe6 20.Qe3 Nxd4 21.Bg4 h5
22.Bxh5 Rf6 23.Bg4 Qb4 24.a3 Qc4 25.b3 Qc5 26.Ne4 Qd5 27.Nxf6 exf6 28.Bf3 Qd6
29.Bxb7 e5 30.b4 Nce6 31.Rc1 Nf4 32.g3 Nxh3+ 33.Kg2 Ng5 {#R} 0-1

[Event "12th American Continental"]
[Site "Medellin COL"]
[Date "2017.06.11"]
[Round "3.56"]
[White "Mateus,Al"]
[Black "Andrade Truyol,Geiner Jose"]
[Result "1-0"]
[WhiteElo "2255"]
[BlackElo "2027"]

1.e4 c6 2.d4 d5 3.Nc3 dxe4 4.Nxe4 Nd7 5.Nf3 Ngf6 6.Ng3 e6 7.Bd3 Qc7 8.O-O b6
9.Re1 Bb7 10.Qe2 O-O-O 11.a4 a5 12.Ng5 Nb8 13.c3 Bd6 14.Bd2 Nd5 15.N5e4 Bf4
16.b4 Bxd2 17.Qxd2 Qf4 18.Qb2 axb4 19.cxb4 Nc7 20.Ne2 Qh4 21.Rec1 Rd5 22.b5
Rh5 23.Nd6+ {#r} 1-0

[Event "12th American Continental"]
[Site "Medellin COL"]
[Date "2017.06.11"]
[Round "3.58"]
[White "Vallejo,Humberto"]
[Black "Garavito,M"]
[Result "0-1"]
[WhiteElo "2059"]
[BlackElo "2247"]

1.e4 e5 2.Nf3 Nc6 3.Bb5 a6 4.Bxc6 dxc6 5.O-O Bg4 6.h3 h5 7.d4 Bxf3 8.Qxf3 Qxd4
9.Rd1 Qc4 10.Nd2 Qe6 11.Nf1 Bd6 12.Ne3 g6 13.b3 O-O-O 14.Nc4 f6 15.Ba3 Ne7
16.Bxd6 cxd6 17.Qe3 Kb8 18.Na5 d5 19.b4 dxe4 20.Qb6 Rd7 21.c4 Nc8 22.Qe3 Rhd8
23.Rxd7 Qxd7 24.Qxe4 Qd4 25.Qe1 Qd2 26.Qe4 Ne7 27.Qf3 Nf5 28.a3 Kc7 29.c5 Rd3
30.Qe4 Rd4 31.Qf3 Qd3 32.Qxd3 Rxd3 33.g4 Nd4 34.g5 f5 35.Nc4 Nf3+ {#R} 0-1

[Event "12th American Continental"]
[Site "Medellin COL"]
[Date "2017.06.11"]
[Round "3.59"]
[White "Solano Cuya,Bryan"]
[Black "Gomez Barrero,S"]
[Result "1-0"]
[WhiteElo "2246"]
[BlackElo "2023"]

1.d4 Nf6 2.c4 c5 3.d5 b5 4.Qc2 bxc4 5.e4 d6 6.Nf3 g6 7.Na3 Bg7 8.Nxc4 O-O
9.Be2 Nbd7 10.O-O Rb8 11.h3 Nb6 12.Bd2 Nxc4 13.Bxc4 Nh5 14.Bc3 Bxc3 15.bxc3 e6
16.Rfb1 Rxb1+ 17.Rxb1 e5 18.Bf1 f5 19.Rb8 fxe4 20.Qxe4 Bf5 21.Rxd8 Bxe4
22.Rxd6 Bxf3 23.gxf3 Rxf3 24.c4 Ra3 25.Rc6 Rxa2 26.Rxc5 Ra1 27.d6 Rd1 28.Rc8+
Kf7 29.c5 Nf4 30.f3 Ne6 31.Kf2 Rd5 32.Bb5 a5 33.d7 a4 34.c6 a3 35.Ra8 Nc7
36.d8=Q Rxd8 37.Rxd8 Nxb5 38.c7 a2 39.c8=Q a1=Q 40.Rd7+ Kf6 41.Qd8+ Kf5
42.Rf7+ {#r} 1-0

[Event "12th American Continental"]
[Site "Medellin COL"]
[Date "2017.06.11"]
[Round "3.60"]
[White "Rios,J"]
[Black "Cortes Orihuela,Javier"]
[Result "0-1"]
[WhiteElo "2055"]
[BlackElo "2235"]

1.e4 c5 2.Nf3 d6 3.d4 cxd4 4.Nxd4 Nf6 5.Nc3 e6 6.Be2 e5 7.Nb3 Be7 8.O-O O-O
9.Kh1 Nc6 10.a4 Nb4 11.f4 Be6 12.f5 Bd7 13.Bg5 Bc6 14.Bxf6 Bxf6 15.Bf3 Qc7
16.Rf2 Rfd8 17.Qe1 d5 18.exd5 Nxd5 19.Ne4 Bh4 20.g3 Be7 21.Bg2 Nf6 22.h3 Rd7
23.Kh2 Rad8 24.a5 Bxe4 25.Bxe4 Qc4 26.Bg2 e4 27.Qe2 Qc7 28.Bh1 h5 29.Qe3 h4
30.Rg2 hxg3+ {#R} 0-1

[Event "12th American Continental"]
[Site "Medellin COL"]
[Date "2017.06.11"]
[Round "3.61"]
[White "Pazos Gambarrotti,P"]
[Black "Abril,M"]
[Result "1-0"]
[WhiteElo "2232"]
[BlackElo "2020"]

1.d4 c5 2.e4 cxd4 3.Nf3 Nc6 4.Nxd4 e5 5.Nb5 d6 6.N1c3 a6 7.Na3 Be7 8.Nc4 b5
9.Ne3 Nf6 10.Ned5 Nxd5 11.Nxd5 O-O 12.Be2 Bg5 13.O-O Bxc1 14.Rxc1 Be6 15.Ne3
Ne7 16.Bg4 Qd7 17.c4 Bxg4 18.Nxg4 f5 19.exf5 bxc4 20.Nxe5 Qd8 21.Nxc4 Nxf5
22.Ne3 Nh4 23.Rc6 Rf6 24.Qd5+ Kh8 25.Rd1 Qf8 26.Rd2 Re8 27.h3 Rxe3 28.fxe3
Rf1+ 29.Kh2 Nf5 {#r} 1-0

[Event "12th American Continental"]
[Site "Medellin COL"]
[Date "2017.06.11"]
[Round "3.66"]
[White "Harper,R"]
[Black "Alvarado Arcila,Marvia Josefina"]
[Result "1-0"]
[WhiteElo "2209"]
[BlackElo "2004"]

1.e4 Nf6 2.Nc3 d5 3.exd5 Nxd5 4.Bc4 e6 5.Qf3 Nb6 6.Bb3 Nc6 7.Nge2 Bd7 8.d4 Na5
9.Bf4 c5 10.dxc5 Bxc5 11.Qg3 Nxb3 12.axb3 O-O 13.Ne4 Bb4+ 14.c3 Bc6 15.Rd1 Nd7
16.Bh6 g6 17.Rxd7 Bxd7 18.cxb4 Bc6 19.Qe5 f6 20.Qxe6+ Rf7 21.Nd6 Qe7 22.Qxf7+
Qxf7 23.Nxf7 Kxf7 24.Be3 Bxg2 25.Rg1 Bd5 26.Nd4 a6 27.Kd2 Rd8 28.Rc1 Rd7
29.Rc3 g5 30.Ke2 Kg6 31.b5 axb5 32.Nxb5 f5 33.f4 g4 34.b4 h5 35.Kf2 h4 36.Nd4
Rh7 37.Rc1 Re7 38.b5 g3+ 39.hxg3 hxg3+ 40.Ke2 Rh7 41.Rg1 Rh2+ 42.Ke1 Rh1
43.Rxh1 Bxh1 44.Ne2 Be4 45.Nxg3 {#r} 1-0